Sports régionaux français - Statistiques

Statistiques générales
  • Ce quiz a été pris 59 fois
  • Le résultat moyen est 3 sur 16
Statistiques - réponses
Par images Réponse % Correct
Pétanque (Provence)
93%
Corrida (PACA, Occitanie, Nouvelle Aquitaine)
78%
Pelote Basque (Pays basque)
71%
Quilles au maillet (Gascogne)
25%
Les joutes nautiques (Languedoc et PACA)
24%
Palet Vendéen (Vendée)
20%
Pilou (Nice)
13%
Gouren (Bretagne)
9%
Course landaise (Landes, Gers)
7%
Boule de fort (Anjou)
5%
Balle au tambourin (Hérault)
0%
Ballon à poing (Picardie)
0%
Bourle (Nord)
0%
Choule à crosse (Normandie)
0%
Jeux de force basque (Pays basque)
0%
Palet sur terre (Côtes-d'Armor)
0%
Aucun quiz correspondant
Distribution des résultats
% des personnes avec chaque résultat
Percentile par nombre de réponses
Votre historique - résultats
Vous n’avez pas pris ce quiz